|
|
|
|
| LEADER |
01523aam a22003018a 4500 |
| 001 |
00028353 |
| 005 |
20171026081023.0 |
| 008 |
120327s2002 ||||||viesd |
| 041 |
0 |
# |
|a vie
|
| 082 |
1 |
4 |
|a 372.7
|b D112H
|
| 245 |
0 |
0 |
|b ( Tài liệu tham khảo cho giáo viên, cán bộ quản lý giáo dục tiểu học)
|a Dạy học phát huy tính tích cực của học sinh trong môn Toán và Tiếng Việt ở tiểu học
|
| 260 |
# |
# |
|a Hà Nội
|b Nxb. Hà Nội
|c 2002
|
| 300 |
# |
# |
|a 148tr.
|c 27cm.
|b minh họa
|
| 500 |
# |
# |
|a ĐTTS ghi: Bộ Giáo dục và Đào tạo. Vụ Giáo viên. Cứu trợ nhi đồng Úc. Tổ chức cứu trợ trẻ em Thụy Điển
|
| 650 |
# |
4 |
|a Học sinh
|x Phương pháp dạy học
|
| 653 |
# |
# |
|a Công tác xã hội
|
| 653 |
# |
# |
|a Phương pháp giảng dạy
|
| 653 |
# |
# |
|a Toán
|
| 653 |
# |
# |
|a Tiểu học
|
| 653 |
# |
# |
|a Tiếng việt
|
| 710 |
2 |
# |
|a Bộ Giáo dục và Đào tạo
|
| 710 |
2 |
# |
|a Tổ chức cứu trợ trẻ em Thụy Điển
|
| 852 |
# |
# |
|j KD.0012694
|j KM.0013640
|j KM.0013747
|j KM.0013748
|j KM.0013750
|j KM.0013753
|j KM.0013751
|j KM.0013746
|j KM.0013749
|j KM.0013752
|
| 852 |
# |
# |
|b Kho đọc
|j KD.0012694
|
| 852 |
# |
# |
|b Kho mượn
|j KM.0013640, KM.0013746, KM.0013747, KM.0013748, KM.0013749, KM.0013750, KM.0013751, KM.0013752, KM.0013753
|
| 910 |
|
|
|d 27/03/2012
|
| 980 |
# |
# |
|a Trung tâm Học liệu Lê Vũ Hùng, Trường Đại học Đồng Tháp
|